000 00320nam a22001217a 4500
020 _a9783639294941
082 _a358.17
_bBRA
100 _aBraganca , Maschenka
245 _aMissile Defense in the Middle East /
_cMaschenka Braganca
260 _bVDM
_c2011.
300 _a100p. ;
_bPaperback
942 _2ddc
_cBK
999 _c594318
_d594318